000
00408nam a22001217a 4500
040
_c
SY
082
_a
303
100
_a
NA
245
_a
សេចក្ដីណែនាំក្នុងការរៀបចំនិក្ខេបបទ សារណាបទ និង របាយការណ៍បញ្ចប់ការសិក្សា
260
_a
RUA
_b
NA
_c
2005
300
_a
95p.
942
_c
KB
999
_c
9966
_d
9966